The gods of Mars /

Kaydedildi:
Detaylı Bibliyografya
Yazar: Burroughs, Edgar Rice, 1875-1950
Materyal Türü: Kitap
Dil:English
Baskı/Yayın Bilgisi: Chicago : McClurg, 1919, c1918.
LEADER 00763nam a2200205 a 4500
001 c000092427
003 CARM
005 00000000000000.0
008 931119c19191918ilu 00011 eng d
019 1 |a 10557141  |5 LACONCORD2021 
035 |a (OCoLC)221713312  |5 LACONCORD2021 
040 |a VLINC  |c VLINC 
100 1 |a Burroughs, Edgar Rice,  |d 1875-1950. 
245 1 4 |a The gods of Mars /  |c by Edgar Rice Burroughs. 
260 |a Chicago :  |b McClurg,  |c 1919, c1918. 
300 |a xi, 348 p., Frontispiece :  |c 20 cm. 
852 8 |b CARM  |h A2:AG18G0  |i A01464  |p 0113015  |f BK 
082 0 4 |a 823.912  |2 20 
999 f f |i 4dce9385-205e-5d25-bfb5-dc6aa05832ad  |s ef536a98-2e08-58d4-9387-8fe6dffc7229 
952 f f |p Can circulate  |a CAVAL  |b CAVAL  |c CAVAL  |d CARM 1 Store  |e A01464  |f A2:AG18G0  |h Other scheme  |i book  |m 0113015